<?xml version="1.0" encoding="UTF-8"?>
<record
    xmlns:xsi="http://www.w3.org/2001/XMLSchema-instance"
    xsi:schemaLocation="http://www.loc.gov/MARC21/slim http://www.loc.gov/standards/marcxml/schema/MARC21slim.xsd"
    xmlns="http://www.loc.gov/MARC21/slim">

  <leader>02864cam a22002895a 4500</leader>
  <datafield tag="999" ind1=" " ind2=" ">
    <subfield code="c">27441</subfield>
    <subfield code="d">27412</subfield>
  </datafield>
  <controlfield tag="001">17916900</controlfield>
  <controlfield tag="005">20190509100804.0</controlfield>
  <controlfield tag="008">131024t2014    mau    frb    001 0 eng d</controlfield>
  <datafield tag="010" ind1=" " ind2=" ">
    <subfield code="a">  2013040761</subfield>
  </datafield>
  <datafield tag="020" ind1=" " ind2=" ">
    <subfield code="a">9780124077720 (pbk.)</subfield>
  </datafield>
  <datafield tag="040" ind1=" " ind2=" ">
    <subfield code="a">DLC</subfield>
    <subfield code="b">eng</subfield>
    <subfield code="c">DLC</subfield>
    <subfield code="d">DLC</subfield>
    <subfield code="d">EG-ScBUE</subfield>
  </datafield>
  <datafield tag="082" ind1="0" ind2="4">
    <subfield code="a">005.1</subfield>
    <subfield code="b">AGI</subfield>
    <subfield code="2">22</subfield>
  </datafield>
  <datafield tag="245" ind1="0" ind2="0">
    <subfield code="a">Agile software architecture :</subfield>
    <subfield code="b">aligning agile processes and software architectures /</subfield>
    <subfield code="c">edited by Muhammad Ali Babar, Alan W. Brown, Ivan Mistrik.</subfield>
  </datafield>
  <datafield tag="260" ind1=" " ind2=" ">
    <subfield code="a">Waltham, MA :</subfield>
    <subfield code="b">Morgan Kaufmann / Elsevier,</subfield>
    <subfield code="c">c.2014.</subfield>
  </datafield>
  <datafield tag="300" ind1=" " ind2=" ">
    <subfield code="a">xl, 392 p. ;</subfield>
    <subfield code="c">24 cm.</subfield>
  </datafield>
  <datafield tag="504" ind1=" " ind2=" ">
    <subfield code="a">Includes bibliographical references and index.</subfield>
  </datafield>
  <datafield tag="505" ind1="8" ind2=" ">
    <subfield code="a">Machine generated contents note:  Chapter 1: Introduction to ASA ASA: The State-of-the-Art ASA: Industrial/commercial perspective ASA: Current Challenges and Future Directions Part I: Fundamentals of Agile Architecting Chapter 2: The DCI Paradigm: Beyond Class-Oriented Architecture to Object Orientation Chapter 3: Refactoring software architecture Chapter 4: Architecture Decisions: Who, How and When? Part II: Managing Software Architecture in Agile Projects Chapter 5: Combining agile development and variability handling to achieve adaptable software architectures Chapter 6: Agile software architecture knowledge management Chapter 7: Continuous software architecture analysis Chapter 8: Bridging user stories and software architectures: a guidance support for agile architecting Part III: Agile Architecting in Specific Domains Chapter 9: Architecture-centric testing for security: An agile perspective Chapter 10: Multi-tenancy multi-target architectures: Extending multi-tenancy architectures for agile deployment and development Part IV: Industrial Viewpoints on Agile Architecting Chapter 11: Bursting the Agile Bubble Anti-Pattern Chapter 12: Building a Platform for Innovation: Architecture and Agile as Key Enablers Chapter 13: Opportunities, threats and limitations of emergent architecture Chapter 14: Aviva GI: Architecture as a Key Driver for Agile Success.</subfield>
  </datafield>
  <datafield tag="520" ind1=" " ind2=" ">
    <subfield code="a">Agile software development approaches have had significant impact on industrial software development practices. Today, agile software development has penetrated to most IT companies across the globe, with an intention to increase quality, productivity, and profitability. Comprehensive knowledge is needed to understand the architectural challenges involved in adopting and using agile approaches and industrial practices to deal with the development of large, architecturally challenging systems in an agile way.</subfield>
  </datafield>
  <datafield tag="650" ind1=" " ind2="7">
    <subfield code="a">Agile software development.</subfield>
    <subfield code="2">BUEsh</subfield>
  </datafield>
  <datafield tag="650" ind1=" " ind2="7">
    <subfield code="a">Software architecture.</subfield>
    <subfield code="2">BUEsh</subfield>
    <subfield code="9">29417</subfield>
  </datafield>
  <datafield tag="651" ind1=" " ind2=" ">
    <subfield code="2">BUEsh</subfield>
  </datafield>
  <datafield tag="653" ind1=" " ind2=" ">
    <subfield code="b">COMSCI</subfield>
    <subfield code="c">May2019</subfield>
  </datafield>
  <datafield tag="700" ind1="1" ind2=" ">
    <subfield code="a">Ali Babar, Muhammad,</subfield>
    <subfield code="e">editor.</subfield>
  </datafield>
  <datafield tag="700" ind1="1" ind2=" ">
    <subfield code="a">Brown, Alan W.,</subfield>
    <subfield code="d">1962-,</subfield>
    <subfield code="e">editor.</subfield>
  </datafield>
  <datafield tag="700" ind1="1" ind2=" ">
    <subfield code="a">Mistrik, Ivan,</subfield>
    <subfield code="e">editor.</subfield>
  </datafield>
  <datafield tag="942" ind1=" " ind2=" ">
    <subfield code="2">ddc</subfield>
  </datafield>
  <datafield tag="952" ind1=" " ind2=" ">
    <subfield code="0">0</subfield>
    <subfield code="1">0</subfield>
    <subfield code="2">ddc</subfield>
    <subfield code="4">0</subfield>
    <subfield code="7">0</subfield>
    <subfield code="8">Baccah</subfield>
    <subfield code="a">MAIN</subfield>
    <subfield code="b">MAIN</subfield>
    <subfield code="c">LOW</subfield>
    <subfield code="d">2019-05-09</subfield>
    <subfield code="e">Purchase</subfield>
    <subfield code="g">899.90</subfield>
    <subfield code="h">2000088</subfield>
    <subfield code="l">0</subfield>
    <subfield code="o">005.1 AGI</subfield>
    <subfield code="p">000044645</subfield>
    <subfield code="r">2025-07-15 00:00:00</subfield>
    <subfield code="v">1124.88</subfield>
    <subfield code="y">BB</subfield>
  </datafield>
</record>
